Normal view
MARC view
- BASSETT, E. E , JOLLIFFE, I. T , BREMNER, J. M
Entry Personal Name
001 - CONTROL NUMBER
- control field: 65024
003 - CONTROL NUMBER IDENTIFIER
- control field: NUST
005 - DATE AND TIME OF LATEST TRANSACTION
- control field: 20210628203352.0
008 - FIXED-LENGTH DATA ELEMENTS
- fixed length control field: 210628|| aca||aabn | a|a d
040 ## - CATALOGING SOURCE
- Original cataloging agency: NUST
- Transcribing agency: NUST
100 ## - HEADING--PERSONAL NAME
- Personal name: BASSETT, E. E , JOLLIFFE, I. T , BREMNER, J. M
670 ## - SOURCE DATA FOUND
- Source citation: Work cat.: (NUST): BASSETT, E. E , JOLLIFFE, I. T , BREMNER, J. M, STATISTICS PROBLEMS AND SOLUTIONS, 1986
